| 000 | 01271nam a22002657a 4500 | ||
|---|---|---|---|
| 005 | 20101006140727.0 | ||
| 008 | 101006t xxu||||| |||| 00| 0 mar d | ||
| 010 | _aMAR-20343 | ||
| 020 |
_a9788184981421 _c180.00 |
||
| 035 | _aMR-13001 | ||
| 037 | _bDBAD / PUB | ||
| 040 |
_aDPL _bMR |
||
| 082 | _a891.46301 | ||
| 100 |
_aविराणी,पिंकी _923013 |
||
| 245 |
_aअरूणाची गोष्ट / _cपिंकी विराणी : मीना कर्णिक द्वारा अनुवादित |
||
| 246 |
_aArunachi Gosatha _bby Pink Virani |
||
| 260 |
_aपुणे _bमेहता पब्लिंशिग हाऊस _c2010 |
||
| 270 |
_a1941, सदाशिव पेठ _bपुणे _e411030 |
||
| 300 |
_aनऊ, 206पृ _c21सेमी (अजिल्द) |
||
| 600 |
_aचांदोरकर,स्वाती _923017 |
||
| 700 |
_aविराणी,पिंकी _924073 |
||
| 710 |
_aकर्णिक,मीना _924074 |
||
| 942 |
_2ddc _cMR _mविराणी _h891.46301 |
||
| 999 |
_c48521 _d48521 |
||